| 000 | 02892ncm0a2200469 4500 | ||
|---|---|---|---|
| 001 | RU\NLR\ONIZ\227577 | ||
| 005 | 20260406163624.0 | ||
| 035 | _aRU\NLR\ONIZ\NATA\5000018815\20200210123751 | ||
| 035 | _a(NLR Aleph) 012218944 | ||
| 071 | 2 | 0 | _aR. M. V. 254 |
| 090 |
_a10922755 _c10922755 |
||
| 100 | _a20200210d1914 |||y0rusy50 ca | ||
| 101 | 0 |
_arus _afre |
|
| 102 |
_aDE _aRU |
||
| 125 | _azx | ||
| 128 | _apf | ||
| 145 | 0 | _ab | |
| 200 | 1 |
_aPrélude et fugue (gis-moll) _bНоты _epour piano _eop. 29 _fS. Iw. Tanejew _gtranscription pour 2 pianos à quatre mains par l'auteur |
|
| 210 |
_aБерлин _aМосква _aС. Петербург _cРоссийское музыкальное издательство [и др.] _d1914 |
||
| 215 |
_a26 с. _cил. _d34 см |
||
| 300 | _aОформление обл.: И. Я. Билибин | ||
| 300 | _aОбл. рус., фр. | ||
| 313 | _aСистематизация документа проведена по изданию - Методика классифицирования музыкальных произведений (нотных изданий) по таблицам Библиотечно-библиографических классификаций : метод. рекомендации / Гос. б-ка СССР им. В.И. Ленина.- М., 1977. Индексу ББК методических рекомендаций присваивается код ББК для научных библиотек - LBC/SL | ||
| 500 | 0 | 0 |
_aПрелюдия и фуга для фортепиано соль диез минор _bНоты _sOp. 29 _ugis-moll _rФортепиано |
| 606 | 1 |
_aФортепианная музыка русская _z19-20 вв. _2nlr_sh |
|
| 606 | 1 |
_aПереложения для 2 фортепиано в 4 руки _yРоссия _z19-20 вв. _2nlr_sh |
|
| 608 |
_aПрелюдии и фуги для фортепиано _yРоссия _z19-20 вв. _jНоты _2nlr_sh |
||
| 686 |
_aЩ952.424.4-095-045(28) _vLBC/SL _2rubbk |
||
| 700 | 1 |
_9z01790 _aТанеев _bС.И. _f1856-1915 _gСергей Иванович _4230 _7ca |
|
| 702 | 1 |
_4140 _4440 _8rus _7ca _aБилибин _bИ. Я. _cхудожник _f1876-1942 _gИван Яковлевич _3RU\NLR\AUTH\7710265 _9120044 |
|
| 703 | 1 |
_9z03790 _aБеляев _bВ. М. _cмузыковед _f1888-1968 _gВиктор Михайлович _4390 |
|
| 790 | 1 |
_9z01700 _aTaneev _bS. I. _f1856-1915 _gSergej Ivanovič _4230 _7ba |
|
| 790 | 1 |
_4140 _4440 _7ba _8rus _aBilibin _bI. J. _cхудожник _f1876-1942 _gIvan Jakovlevič _92641277 _3RU\NLR\AUTH\770273047 |
|
| 790 | 1 |
_9z03703 _aBeljaev _bV. M. _f1888-1968 _gViktor Mihailovič _4390 _7ba |
|
| 801 | 0 |
_aRU _bNLR _c20200210 _gPSBO |
|
| 801 | 1 |
_aRU _bNLR _c20200210 _2rusmarc |
|
| 801 | 2 |
_aRU _bNLR _c20200210 |
|
| 852 |
_aNLR _bМ _jБел-4/58 _p268547 _t1 |
||
| 942 | _cSCORE | ||
| 980 | _aNB | ||
| 980 | _aONIZ | ||